000 00999nam a22002417a 4500
005 20120402151838.0
008 120402t xxu||||| |||| 00| 0 eng d
010 _aENG-104930
020 _a9780198077626
_c695.00
020 _a0198077629
_c695.00
035 _aEN-88463
037 _bDBAD/PUB
040 _aDPL
_bEng
082 _a342.54087
100 _944515
_aKothari, Jayna
245 _aThe future of disability law in India :
_cby Jayna Kothari
_ba critical analysis of the persons with disabilities (equql opportunities,protection of rights and full participation) act 1995 /
260 _aNew Delhi
_bOxford University Press
_c2012
270 _aYMCA Library Building, 1 Jai Singh Road
_bNew Delhi
_e110001
300 _axxvii,216p.
_c23cm(Hb)
500 _aIncludes index
942 _2ddc
_cEN
_mKOT
_h342.54087
999 _c64592
_d64592